Flags of Separatist Movements in Türkiye - Statistics

General Stats
  • This quiz has been taken 25 times
  • The average score is 3 of 7
Answer Stats
Picture Hint Answer % Correct
Largest ethnic group without a country Kurdistan
100%
Wants unification with Syria Hatay
69%
Wants unification with Armenia Western Armenia
44%
Region that touches the Black Sea Lazistan
31%
Home to the Alevis Zazaistan
25%
Culturally similar to the Balkans Eastern Thrace
13%
Central Anatolia Turcomania
6%
No matching quizzes found
Score Distribution
Percent of People with Each Score
Percentile by Number Answered
Your Score History
You have not taken this quiz